| 000 | 00908nam a22002897a 4500 | ||
|---|---|---|---|
| 001 | 4817 | ||
| 003 | FISKH | ||
| 005 | 20241016132922.0 | ||
| 008 | 241016b cb ||||| |||| 00| 0 eng d | ||
| 020 | _a9780545528351 | ||
| 040 |
_aFISKH _beng _cFISKH _dFISKH |
||
| 050 | _aPZ7.H9159 | ||
| 082 | _a813.6 | ||
| 100 | _aHunt, Lynda Mullaly | ||
| 245 |
_aOne for the Murphys / _cby Lynda Mullaly Hunt |
||
| 250 | _aFirst Scholastic printing, January 2013 | ||
| 260 |
_aNew York : _bScholastic ; _c2012 . |
||
| 300 |
_a224 pages : _billustrations ; _c20 cm . |
||
| 505 | _aK | ||
| 520 | _a"After heartbreaking betrayal, Carley is sent to live with a foster family and struggles with opening herself up to their love"-- | ||
| 521 | 8 |
_a520
_bLexile |
|
| 521 | 8 |
_aK
_bRaz-Plus |
|
| 650 |
_afriendship _vfiction |
||
| 700 |
_aThomann, Ryan _eDesigner |
||
| 942 |
_2ddc _cBK _n0 |
||
| 999 |
_c4817 _d4817 |
||